10 Najwartościowszych Greków - Statystyki

Ogólne statystyki
  • Ten quiz został rozwiązany 25 razy
  • Średni wynik to 3 z 10
Statystyki odpowiedzi
Wartość Piłkarz % Poprawnych
14,5 mln Sokratis
96%
32 mln Manolas
92%
12 mln Vlachodimos
38%
8 mln Fortounis
13%
4,8 mln Siovas
8%
4 mln Limnios
4%
8 mln Retsos
4%
5,5 mln Samaris
4%
3,5 mln Giannoulis
0%
3,5 mln Koutris
0%
Nie znaleziono quizów pasujących do podanych kryteriów
Rozkład punktacji
Procent ludzi z każdym wynikiem
Percentyl według liczby udzielonych odpowiedzi
Twoja historia wyników
Nie rozwiązałeś tego quizu